La constitución de los argentinos : análisis y comentario de su texto luego de la reforma de 1994 /

Guardado en:
Autor Principal: Sabsay, Daniel Alberto
Otros Autores: Onaindia, José Miguel
Formato: Libro
Publicado: Buenos Aires : Errepar, 2000
Edición:5a. ed.
Materias:
Etiquetas: Agregar Etiqueta
Sin Etiquetas, Sea el primero en etiquetar este registro!
LEADER 00833nam a22002175a 4500
001 EHU.bham044813
003 AR-BHAM
005 20170529140401.0
008 130507s2000##################000#0#####d
020 |a 9507393315 
082 3 4 |a 342.82 
100 1 |a Sabsay, Daniel Alberto 
245 1 0 |a La constitución de los argentinos :  |b análisis y comentario de su texto luego de la reforma de 1994 /  |c  Daniel Alberto Sabsay, José Miguel Onaindia 
250 |a 5a. ed. 
260 |a Buenos Aires :  |b Errepar,  |c 2000 
300 |a 447 p. 
500 |a Incluye comentarios a las leyes reglamentarias y jurisprudencia posterior a la reforma. 
653 |a Constitución argentina-reforma de 1994 
653 |a Derecho constitucional argentino 
700 1 |a Onaindia, José Miguel 
859 |a AR-BHAM  |b BIB. HUMANIDADES - General  |h 342.82  |i Sa13  |p 205.17  |t Ej.1